00828nam a2200253 i 450000100060000000300090000600500170001500700030003200800410003502000180007608000110009408000110010510000210011624501140013725000240025126000880027530000220036349000380038565000300042365000260045370000240047983000380050385200330054116267ES-MaACL20250809062545.0t|000823s1997 sp ||||1| spa d a84-7509-578-X a340.12 a34:3011 aLuhmann, Niklas.10aSociedad y sistema b: la ambición de la teoría / cNiklas Luhmann ; introducción de Ignacio Izuzquiza. a1ª ed., 1ª reimp. aBarcelona : bPaidós : bI.C.E. de la Universidad Autónoma de Barcelona,c1997. a144 p. ; c20 cm.1 aPensamiento contemporáneo ; v814aSociología del derecho. 4aDerecho-xFilosofía1 aIzuzquiza, Ignacio.0 aPensamiento contemporáneo ; v8 aES-MaACLjL-23518 bR.128700